000 00418nam a2200181Ia 4500
008 151202s9999||||xx |||||||||||||| ||und||
082 _bPNVM-83114
100 _aSTINE . L.R.
245 _aGhost beach.
260 _bSCHOLASTIC PRESS NEW YORK.
260 _c1994
300 _a119
600 _aSTINE . L.R.
630 _aGhost beach.
700 _aSTINE . L.R.
730 _aGhost beach.
942 _cBOOK
999 _c1347835
_d1347832